Places To Study

There are group study rooms, individual study carrels, computer labs, and other spaces to study in the Libraries.

Reserve A Group Room

Online Resources

Access thousands of eBooks, audiobooks, and online journals from the comfort of your home.

Explore Resources

Events and Workshops

Join our upcoming events and workshops to enhance your skills and knowledge.

View Events

The Karen people of Burma : (Record no. 2796)

MARC details
000 -LEADER
fixed length control field 00766nam a22002057a 4500
003 - CONTROL NUMBER IDENTIFIER
control field OSt
005 - DATE AND TIME OF LATEST TRANSACTION
control field 20251223152038.0
008 - FIXED-LENGTH DATA ELEMENTS--GENERAL INFORMATION
fixed length control field 251223b |||||||| |||| 00| 0 eng d
040 ## - CATALOGING SOURCE
Transcribing agency DCL
041 ## - LANGUAGE CODE
Language code of text/sound track or separate title English
082 ## - DEWEY DECIMAL CLASSIFICATION NUMBER
Classification number 959.102
100 1# - MAIN ENTRY--PERSONAL NAME
Personal name Marshall, Harry Ignatius, 1878-
245 12 - TITLE STATEMENT
Title The Karen people of Burma :
Statement of responsibility, etc. translated by Pe Maung Tin and G.H. Luce.
Remainder of title by Harry Ignatious Marshall; with a foreword by Anders Baltzer Jorgensen.
260 ## - PUBLICATION, DISTRIBUTION, ETC.
Place of publication, distribution, etc. Bangkok :
Name of publisher, distributor, etc. White Lotus Press,
Date of publication, distribution, etc. 1997.
300 ## - PHYSICAL DESCRIPTION
Extent xix, 329 pages :
Other physical details illustrations ;
Dimensions 21 cm.
650 ## - SUBJECT ADDED ENTRY--TOPICAL TERM
Topical term or geographic name entry element Karen (Southeast Asian People)
General subdivision Social life and customs
650 ## - SUBJECT ADDED ENTRY--TOPICAL TERM
Topical term or geographic name entry element Karen (Southeast Asian People)
General subdivision Religion
700 ## - ADDED ENTRY--PERSONAL NAME
Personal name Jorgensen, Anders Baltzer
942 ## - ADDED ENTRY ELEMENTS (KOHA)
Source of classification or shelving scheme Dewey Decimal Classification
Koha item type Short Term
Suppress in OPAC No

No items available.